Conquistadores y pobladores de Nueva España (Record no. 82615)

MARC details
000 -LEADER
campo de control de longitud fija 01404nam a2200313 i 4500
001 - NÚMERO DE CONTROL
campo de control 82615
003 - IDENTIFICADOR DE NÚMERO DE CONTROL
campo de control ES-MaACL
005 - FECHA Y HORA DE LA ÚLTIMA TRANSACCIÓN
campo de control 20250731131547.0
007 - CAMPO FIJO DE DESCRIPCIÓN FÍSICA--INFORMACIÓN GENERAL
campo de control de longitud fija t|
008 - DATOS DE LONGITUD FIJA--INFORMACIÓN GENERAL
campo de control de longitud fija 041111s1923 sp d |||| |cspa d
080 ## - NÚMERO DE LA CLASIFICACIÓN DECIMAL UNIVERSAL
Número de la Clasificación Decimal Universal 929(460)"15":910.4(72)(038)
080 ## - NÚMERO DE LA CLASIFICACIÓN DECIMAL UNIVERSAL
Número de la Clasificación Decimal Universal 94(72)"1517/21"(038)
080 ## - NÚMERO DE LA CLASIFICACIÓN DECIMAL UNIVERSAL
Número de la Clasificación Decimal Universal 94(72)"1521/1821"(038)
245 00 - MENCIÓN DEL TÍTULO
Título Conquistadores y pobladores de Nueva España
Resto del título : diccionario autobiográfico sacado de los textos originales /
Mención de responsabilidad, etc. por Francisco A. de Icaza.
246 34 - FORMA VARIANTE DEL TITULO
Título propio/Titulo breve Diccionario autobiográfico de conquistadores y pobladores de Nueva España
260 ## - PUBLICACIÓN, DISTRIBUCIÓN, ETC.
Lugar de publicación, distribución, etc. Madrid :
Nombre del editor, distribuidor, etc. [s.n.],
Fecha de publicación, distribución, etc. 1923 (
Fabricante Imp. de "El Adelantado de Segovia")
300 ## - DESCRIPCIÓN FÍSICA
Extensión 2 v. (XCI, 257; III, 356 p.) ;
Dimensiones 25 cm.
500 ## - NOTA GENERAL
Nota general Índice.
530 ## - NOTA DISPONIBLE DE FORMULARIO FÍSICO ADICIONAL
Nota de formato físico adicional disponible Disponible en formato digital.
594 ## - Nota al título y mención de responsabilidad
Nota al título y mención de responsabilidad En ambas port.: Francisco A. de Icaza... Presidente de la Sección de Literatura del Ateneo de Madrid...
650 #4 - PUNTO DE ACCESO ADICIONAL DE MATERIA--TÉRMINO DE MATERIA
Término de materia o nombre geográfico como elemento de entrada Conquistadores-
Subdivisión geográfica América-
Subdivisión general Biografías.
9 (RLIN) 155640
651 #4 - PUNTO DE ACCESO ADICIONAL DE MATERIA--NOMBRE GEOGRÁFICO
Nombre geográfico México-
Subdivisión general Historia-
Subdivisión cronológica 1517-1521, Descubrimiento y conquista.
9 (RLIN) 136484
651 #4 - PUNTO DE ACCESO ADICIONAL DE MATERIA--NOMBRE GEOGRÁFICO
Nombre geográfico México-
Subdivisión general Historia-
Subdivisión cronológica 1521-1821, Época colonial.
9 (RLIN) 158070
700 1# - ENTRADA AGREGADA--NOMBRE PERSONAL
Nombre de persona Icaza, Francisco A. de,
Fechas asociadas al nombre 1863-1925
9 (RLIN) 65035
852 ## - LOCALIZACIÓN
Ubicación ES-MaACL
Número de control de estantería F-4813-14
Ubicación en estantería Depósito 2
Nota libre Revisado enlace: 31 de julio de 2025
856 4# - LOCALIZACIÓN Y ACCESO ELECTRÓNICOS
Identificador Uniforme de Recursos <a href="http://bdh-rd.bne.es/viewer.vm?id=0000140440&page=1 ">http://bdh-rd.bne.es/viewer.vm?id=0000140440&page=1 </a>
Texto de enlace (Biblioteca Digital Hispánica)
942 ## - ELEMENTOS DE ENTRADA SECUNDARIOS (KOHA)
Fuente del sistema de clasificación o colocación Clasificación decimal universal
Holdings
Estatus retirado Estado de pérdida Estado de daño No para préstamo Colección Biblioteca de origen Biblioteca actual Ubicación en estantería Fecha de adquisición Fuente de adquisición Total de préstamos Signatura topográfica completa Código de barras Visto por última vez Precio de reemplazo Tipo de ítem Koha
        Colección digital Biblioteca del Ateneo de Madrid Biblioteca del Ateneo de Madrid Depósito 2 17/01/2008     F-4813-14 1086341 23/02/2023 23/02/2023 Libro impreso